000 01177nam a2200373 c 4500
001 8311
003 ES-MaCES
005 20150929135412.0
008 990216s1998 sp 000 | spa d
017 _aM 19252-1998
_bDL
020 _a8478794166
035 _aCES19990001539m
040 _aES-MaCES
_bspa
_cES-MaCES
100 1 _aJuan González de Castejón, Isabel de
_915569
245 1 0 _aIncidencia del euro en el ordenamiento jurídico español
_cIsabel de Juan González de Castejón, Mª Cristina Porres de Mateo
260 _aMadrid
_bColex
_c1998
300 _a213 p.
_c24 cm
541 _cCompra
650 4 _aUEM
_930760
650 4 _amoneda
_928095
650 4 _aorganización institucional
_927196
650 4 _aconsecuencias económicas
_927082
650 4 _asociedades
_930766
650 4 _aactividad bancaria
_928105
650 4 _amercado financiero
_928150
650 4 _avalores bursátiles
_930705
650 4 _arégimen jurídico
_929894
653 1 0 _aMoneda
650 4 _926752
_aUE
700 1 _aPorres de Mateo, María Cristina
_921246
902 _aLIB Libro
942 _2CES
_cBK
_h0.0.
999 _c8311
_d8311